00571nas a2200217 4500000000100000008004100001100001500042700001600057700001500073700001800088700001700106700001700123700002000140700002500160700001600185700002100201700001800222245005200240856004500292300001600337 2015 d1 aRoger Baig1 aJim Dowling1 aPau Garcia1 aFelix Freitag1 aRoc Meseguer1 aAgustí Moll1 aLeandro Navarro1 aErmanno Pietrosemoli1 aRoger Pueyo1 aVladimir Vlassov1 aMarco Zennaro00aDeploying clouds in the Guifi community network uhttps://doi.org/10.1109/INM.2015.7140428 a1020–1025